Datum a čas kvízu
32.5
Celkem bodů
Celkový počet nahraných bodů na tomto kvízu bez doplňovacích otázek.
3.
Pořadí na kvízu
Konečné umístění týmu na tomto kvízu.
Zaznamenané odpovědi
| # | Otázka | Odpověď | Body | Výsledky |
|---|---|---|---|---|
| 1. | Minulý týden navštívili Pražsk... | Argentina, Slovensko | 1 | |
| 2. | Který nezvaný živočich přeruši... | B) šváb | 0 | |
| 3. | Minulý týden jsme se dozvěděli... | Tereza Pergnerová | 1 | |
| 4. | Ve čtvrtek byla veřejnosti pře... | v Ostravě | 1 | |
| 5. | Z pondělí na úterý se konalo f... | Florida Panthers, Edmonton Oilers | 1 | |
| 6. | Dobytek se tradičně rozděloval... | brav | 0 | |
| 7. | Jak se jmenuje zobrazené asijs... | kašmírská koza | 0 | |
| 8. | Které z následujících tvrzení... | D | 0 | |
| 9. | Ještě do zhruba 13. století se... | zebu | 0 | |
| 10. | Zvířata, která mají vlnu, vylu... | lanolin | 1 |